Univerzity majú dva problémy - slabú kvalitu a zlú štruktúru

Rozhovor s prezidentom Zväzu automobilového priemysku (ZAP), Jaroslavom Holečkom, o problematike pracovných síl a vzdelávania na Slovensku.

Saved in:
Bibliographic Details
Main Author: Kremský, Peter
Other Authors: Holeček, Jaroslav
Format: Book Chapter
Language:Slovak
Subjects:
Tags: Add Tag
No Tags, Be the first to tag this record!

MARC

LEADER 00000naa a2200000 4500
001 0189037
005 20231011123546.1
041 0 |a slo 
044 |a SK 
245 1 0 |a Univerzity majú dva problémy - slabú kvalitu a zlú štruktúru  |c Peter Kremský, Jaroslav Holeček 
520 |a Rozhovor s prezidentom Zväzu automobilového priemysku (ZAP), Jaroslavom Holečkom, o problematike pracovných síl a vzdelávania na Slovensku. 
610 2 0 |a školstvo 
610 2 0 |a školy stredné odborné 
610 2 0 |a školy vysoké odborné 
610 2 0 |a vzdelávanie 
610 2 0 |a kvalita vzdelávania 
610 2 0 |a efektívnosť vzdelávania 
610 2 0 |a pracovníci kvalifikovaní 
610 2 0 |a škola a prax 
100 1 |a Kremský, Peter 
700 1 |a Holeček, Jaroslav